Alpen Quiz - Statistiken

Allgemein
  • Dieses Quiz wurde 123 mal gespielt
  • Das Durchschnittsergebnis liegt bei 7 aus 16
Antwortstatistiken
Hint Antwort % Korrekt
Land mit dem größten Anteil der Alpen Österreich
96%
Höchster Berg der Alpen Mont Blanc
90%
Wie viele Länder haben Anteile an den Alpen 8
83%
Berühmte Städte am fuße der Alpen (Deutschland) München
66%
Berühmte Städte am fuße der Alpen (Schweiz) Zürich
66%
Berühmte Städte am fuße der Alpen (Italien) Mailand
57%
Land mit dem kleinsten Anteil der Alpen Monaco
55%
Landeshauptstadt die mitten in den Alpen liegt Vaduz
48%
Höchster Schweizer Berg Dufourspitze
34%
Eine der schwersten Bergsteig Passagen der Welt Eiger Nordwand
27%
Höchster Slowenischer Berg Triglav
24%
Längster Tunnel (57,1km) Gotthardtunnel
23%
Bekannter Pass in Italien Brennerpass
16%
Größte Stadt der Alpen Grenoble
15%
Gefährlicher Flugplatz (Französische Alpen) Courchevel
6%
Gebirgsgruppe in Slowenien (Höchster Berg Grintovec) Steiner Alpen
5%
Keine übereinstimmenden Quizze gefunden
Verteilung der Resultate
Anzahl Personen mit jedem Resultat
Perzentil nach korrekt beantworteten Fragen
Ihre Resultats-Entwicklung
Sie haben dieses Quiz noch nicht gespielt